Loading...
| Literature - American Literature | 0 | 5 | 0 | 2 | 50 | 77 | 127.00 | 0 | 0 |
| History - American History | 0 | 1 | 0 | 1 | 10 | 142 | 142.00 | 0 | 0 |
| History - European History | 0 | 1 | 0 | 0 | 10 | 118 | 118.00 | 0 | 0 |
| Science - Biology | 0 | 1 | 0 | 1 | 10 | 136 | 136.00 | 0 | 0 |
| Literature - British Literature | 0 | 1 | 0 | 1 | 10 | 145 | 145.00 | 0 | 0 |
| Fine Arts - Other Fine Arts | 0 | 1 | 0 | 0 | 10 | 96 | 96.00 | 0 | 0 |
| Other Academic | 0 | 1 | 0 | 0 | 10 | 64 | 64.00 | 1 | 1 |
| Literature - World Literature | 0 | 1 | 1 | 0 | 5 | 142 | 142.00 | 0 | 0 |
| Religion | 0 | 0 | 0 | 0 | 0 | 0.00 | 0 | 0 | |
| Science - Other Science | 0 | 0 | 1 | 0 | -5 | 0.00 | 0 | 0 |